Städte des Vereinigten Königreichs - Karten Klick-Quiz - Statistiken

Allgemein
  • Dieses Quiz wurde 103 mal gespielt
  • Das Durchschnittsergebnis liegt bei 14 aus 21
Antworten auf der Karte
Die Antworten werden auf der Karte rot bzw. grün angezeigt, abhängig davon wie oft sie richtig erraten wurden.
 
Antwortstatistiken
Antwort % Korrekt
London
97%
Dover
79%
Manchester
79%
Cardiff
75%
Edinburgh
72%
Liverpool
72%
Belfast
69%
Bristol
67%
Glasgow
67%
Plymouth
66%
Aberdeen
64%
Birmingham
62%
Brighton
62%
Newcastle
62%
Oxford
62%
Londonderry / Derry
59%
Kirkwall
56%
Douglas
54%
Norwich
48%
York
44%
Inverness
43%
Keine übereinstimmenden Quizze gefunden
Verteilung der Resultate
Anzahl Personen mit jedem Resultat
Perzentil nach korrekt beantworteten Fragen
Ihre Resultats-Entwicklung
Sie haben dieses Quiz noch nicht gespielt